[Event "Sant Adria de Besos op-B 3rd"]
[Site "Sant Adria de Besos"]
[Date "2019.08.18"]
[Round "5"]
[White "Tarrago Domingo, Miguel"]
[Black "Garcia Miralles, Eduard"]
[Result "1/2-1/2"]
[WhiteElo "1882"]
[BlackElo "1579"]
[PlyCount "77"]
[EventDate "2019.08.14"]
[EventType "swiss"]
[EventRounds "9"]
[EventCountry "ESP"]
[SourceTitle "EXT 2020"]
[Source "ChessBase"]
[SourceDate "2019.10.17"]
[SourceVersion "1"]
[SourceVersionDate "2019.10.17"]
[SourceQuality "1"]

1. Nf3 Nf6 2. b3 b6 3. Bb2 Bb7 4. c4 d6 5. d4 Nbd7 6. Nc3 e6 7. e3 Be7 8. g3 0-0 9. Bg2 c6 10. 0-0 d5 11. cxd5 cxd5 12. Qd3 Ne4 13. Nd2 Nd6 14. Rfc1 f5 15. f4 Nf6 16. Nf3 Qe8 17. Ne5 Nf7 18. Bf3 Nxe5 19. dxe5 Ne4 20. Ne2 Rc8 21. Nd4 Bc5 22. Rc2 Qg6 23. Qe2 Bxd4 24. Bxd4 Ba6 25. Qd1 Rxc2 26. Qxc2 Rc8 27. Qd1 Qf7 28. Rc1 Qd7 29. Rc2 Rxc2 30. Qxc2 Qb5 31. Qd1 Qa5 32. Bxe4 fxe4 33. a4 b5 34. Bxa7 bxa4 35. bxa4 Bc4 36. Bd4 Qb4 37. h3 Qa3 38. Qe1 Qxa4 39. g4 1/2-1/2

[Event "Sant Adria de Besos op 12th"]
[Site "Sant Adria de Besos"]
[Date "2016.06.19"]
[Round "9"]
[White "Tarrago Domingo, Miguel"]
[Black "Serentill Tost, Eduard"]
[Result "1-0"]
[WhiteElo "2102"]
[BlackElo "1905"]
[PlyCount "51"]
[EventDate "2016.04.10"]
[EventType "swiss"]
[EventRounds "9"]
[EventCountry "ESP"]
[SourceTitle "EXT 2017"]
[Source "ChessBase"]
[SourceDate "2016.10.25"]
[SourceVersion "1"]
[SourceVersionDate "2016.10.25"]
[SourceQuality "1"]

1. Nf3 Nf6 2. c4 g6 3. Nc3 Bg7 4. g3 d6 5. Bg2 0-0 6. 0-0 Nc6 7. d4 e5 8. d5 Ne7 9. e4 Bd7 10. h3 a6 11. Be3 h6 12. Rc1 Nh5 13. Nh4 Kh7 14. Kh2 Ng8 15. Ne2 Nf4 16. Nxf4 exf4 17. Bd4 Bf6 18. Nf3 fxg3+ 19. fxg3 Bxd4 20. Qxd4 b5 21. c5 f5 22. cxd6 cxd6 23. e5 dxe5 24. Nxe5 Be8 25. d6 Rb8 26. Rc7+ 1-0

[Event "Barcelona Sants op 17th"]
[Site "Barcelona"]
[Date "2015.08.21"]
[Round "1"]
[White "Iglesias, Yosha"]
[Black "Tarrago Domingo, Miguel"]
[Result "1/2-1/2"]
[WhiteElo "2319"]
[BlackElo "2000"]
[PlyCount "51"]
[EventDate "2015.08.21"]
[EventType "swiss"]
[EventRounds "10"]
[EventCountry "ESP"]
[SourceTitle "EXT 2016"]
[Source "ChessBase"]
[SourceDate "2015.10.08"]
[SourceVersion "1"]
[SourceVersionDate "2015.10.08"]
[SourceQuality "1"]

1. d4 d5 2. Nf3 Nf6 3. e3 Bf5 4. c4 e6 5. Qb3 Nc6 6. Bd2 Rb8 7. cxd5 exd5 8. Bb5 a6 9. Bxc6+ bxc6 10. Qa4 Rxb2 11. Qxc6+ Qd7 12. Qa8+ Qd8 13. Qxd8+ Kxd8 14. 0-0 Bd6 15. Nc3 Kd7 16. Rfc1 Rhb8 17. Be1 Be4 18. Ne5+ Ke6 19. Na4 Rb1 20. Raxb1 Rxb1 21. Rxb1 Bxb1 22. Nc3 Bc2 23. Nc6 Ne4 24. Nd8+ Ke7 25. Nc6+ Ke6 26. Nd8+ 1/2-1/2

[Event "Barcelona Sant Marti op-A 15th"]
[Site "Barcelona"]
[Date "2013.07.17"]
[Round "5"]
[White "Tahay, Alexis"]
[Black "Tarrago Domingo, Miguel"]
[Result "1/2-1/2"]
[WhiteElo "1944"]
[BlackElo "2034"]
[PlyCount "77"]
[EventDate "2013.07.13"]
[EventType "swiss"]
[EventRounds "9"]
[EventCountry "ESP"]
[SourceTitle "CBM 155 Extra"]
[Source "ChessBase"]
[SourceDate "2013.08.26"]
[SourceVersion "1"]
[SourceVersionDate "2013.08.26"]
[SourceQuality "1"]

1. e4 c6 2. d4 d5 3. Nd2 dxe4 4. Nxe4 Nf6 5. Nxf6+ exf6 6. Nf3 Bd6 7. Bd3 0-0 8. 0-0 Re8 9. c4 Nd7 10. Qc2 Nf8 11. Be3 Bg4 12. Nd2 Bh5 13. Ne4 Bg6 14. Nxd6 Bxd3 15. Qxd3 Qxd6 16. g3 Rad8 17. Rad1 Ng6 18. Rfe1 Re7 19. d5 cxd5 20. Qxd5 Qxd5 21. cxd5 b6 22. Rd4 Red7 23. Red1 Ne7 24. d6 Nf5 25. Rd5 Rxd6 26. Rxd6 Rxd6 27. Rxd6 Nxd6 28. Kf1 Kf8 29. Ke2 Ke7 30. Kd3 Ke6 31. Bf4 Kd5 32. Bxd6 Kxd6 33. Kc4 a6 34. a4 f5 35. f4 f6 36. b4 g5 37. h4 h6 38. b5 axb5+ 39. axb5 1/2-1/2

[Event "Barcelona Sant Marti op-A 15th"]
[Site "Barcelona"]
[Date "2013.07.16"]
[Round "4"]
[White "Tarrago Domingo, Miguel"]
[Black "Vargas Drechsler, Carlos"]
[Result "1/2-1/2"]
[WhiteElo "2034"]
[BlackElo "1903"]
[PlyCount "40"]
[EventDate "2013.07.13"]
[EventType "swiss"]
[EventRounds "9"]
[EventCountry "ESP"]
[SourceTitle "CBM 155 Extra"]
[Source "ChessBase"]
[SourceDate "2013.08.26"]
[SourceVersion "1"]
[SourceVersionDate "2013.08.26"]
[SourceQuality "1"]

1. Nf3 Nf6 2. c4 e6 3. g3 c5 4. Bg2 Be7 5. 0-0 0-0 6. Nc3 a6 7. d4 cxd4 8. Nxd4 Qc7 9. Qd3 d6 10. b3 Nbd7 11. Bb2 Ne5 12. Qd2 Bd7 13. Rac1 Rac8 14. Rfd1 Rfd8 15. Ne4 Nxe4 16. Bxe4 Nc6 17. Nxc6 Bxc6 18. Bxc6 Qxc6 19. Qf4 Qe8 20. Qg4 Bf8 1/2-1/2

[Event "Barcelona Sant Marti op-A 14th"]
[Site "Barcelona"]
[Date "2012.07.14"]
[Round "2"]
[White "Tarrago Domingo, Miguel"]
[Black "Venkatesh, Marani Rajendran"]
[Result "0-1"]
[WhiteElo "2046"]
[BlackElo "2506"]
[PlyCount "60"]
[EventDate "2012.07.13"]
[EventType "swiss"]
[EventRounds "9"]
[EventCountry "ESP"]
[SourceTitle "CBM 149 Extra"]
[Source "ChessBase"]
[SourceDate "2012.08.24"]
[SourceVersion "1"]
[SourceVersionDate "2012.08.24"]
[SourceQuality "1"]

1. Nf3 Nf6 2. c4 g6 3. g3 Bg7 4. Bg2 d6 5. d4 0-0 6. Nc3 Nbd7 7. 0-0 e5 8. dxe5 dxe5 9. Bg5 h6 10. Bxf6 Qxf6 11. Nd5 Qd6 12. e4 c6 13. Ne3 Qe7 14. Qc2 a5 15. Rad1 Nc5 16. Rd2 Ne6 17. Qd3 Rd8 18. Qe2 Nd4 19. Nxd4 exd4 20. Nc2 Qc5 21. b3 b5 22. cxb5 cxb5 23. Ne1 b4 24. Nd3 Qb6 25. Rc1 Ba6 26. Rdc2 Bb5 27. Qd2 Ra7 28. Rc8 Rxc8 29. Rxc8+ Kh7 30. f3 Qa6 0-1

[Event "Sant Adria de Besos op 08th"]
[Site "Sant Adria de Besos"]
[Date "2012.05.27"]
[Round "7"]
[White "Tarrago Domingo, Miguel"]
[Black "Fernandez Diaz Mascort, Miguel"]
[Result "1/2-1/2"]
[WhiteElo "2058"]
[BlackElo "2168"]
[PlyCount "60"]
[EventDate "2012.04.15"]
[EventType "swiss"]
[EventRounds "9"]
[EventCountry "ESP"]
[SourceTitle "CBM 148 Extra"]
[Source "ChessBase"]
[SourceDate "2012.06.22"]
[SourceVersion "1"]
[SourceVersionDate "2012.06.22"]
[SourceQuality "1"]

1. Nf3 Nf6 2. c4 e6 3. g3 c5 4. Bg2 Be7 5. 0-0 0-0 6. Nc3 a6 7. b3 Nc6 8. Bb2 d6 9. d4 cxd4 10. Nxd4 Bd7 11. e3 Rc8 12. Nxc6 Bxc6 13. Qd3 Rc7 14. Rfd1 Qa8 15. Bxc6 bxc6 16. Ne4 Ne8 17. Rac1 f5 18. Nc3 e5 19. f4 Qc8 20. Ne2 Qe6 21. c5 exf4 22. Nxf4 Qc8 23. cxd6 Nxd6 24. Be5 Rd8 25. Bxd6 Rxd6 26. Qc4+ Kh8 27. Rxd6 Bxd6 28. Qe6 Qf8 29. Qc4 Qc8 30. Qe6 Qf8 1/2-1/2

[Event "Barcelona Sant Marti op 10th"]
[Site "Barcelona"]
[Date "2008.09.09"]
[Round "8"]
[White "Garcia Riera, Josep"]
[Black "Tarrago Domingo, Miguel"]
[Result "0-1"]
[WhiteElo "2022"]
[BlackElo "2050"]
[PlyCount "86"]
[EventDate "2008.09.01"]
[EventType "swiss"]
[EventRounds "9"]
[EventCountry "ESP"]
[SourceTitle "EXT 2009"]
[Source "ChessBase"]
[SourceDate "2008.11.26"]
[SourceVersion "1"]
[SourceVersionDate "2008.11.26"]
[SourceQuality "1"]

1. d4 d5 2. c4 c6 3. Nf3 Nf6 4. e3 e6 5. Nc3 Nbd7 6. Bd3 dxc4 7. Bxc4 b5 8. Bd3 Bb7 9. 0-0 a6 10. e4 c5 11. d5 c4 12. Bc2 exd5 13. e5 Ne4 14. Nxd5 Nec5 15. Bg5 Qb8 16. Re1 Ne6 17. Bf5 Bc5 18. Bxe6 fxe6 19. Nf4 Bxf3 20. Qxf3 0-0 21. Qc6 Qe8 22. Nxe6 Bxf2+ 23. Kh1 Bxe1 24. Nxf8 Nxf8 25. Qxe8 Rxe8 26. Rxe1 Kf7 27. Bd2 Nd7 28. Bc3 Ke6 29. Rd1 Nc5 30. Rd6+ Kf5 31. Rc6 Ne4 32. Rxa6 Nxc3 33. bxc3 Rxe5 34. Kg1 Ke4 35. Ra7 Kd3 36. Rxg7 Kxc3 37. Ra7 h5 38. Kf2 b4 39. Kf3 b3 40. axb3 cxb3 41. Rb7 b2 42. g4 hxg4+ 43. Kxg4 Re4+ 0-1

[Event "Barcelona Sant Marti op 10th"]
[Site "Barcelona"]
[Date "2008.09.08"]
[Round "7"]
[White "Tarrago Domingo, Miguel"]
[Black "Capellades Subirana, Marc"]
[Result "1/2-1/2"]
[WhiteElo "2050"]
[BlackElo "2265"]
[PlyCount "100"]
[EventDate "2008.09.01"]
[EventType "swiss"]
[EventRounds "9"]
[EventCountry "ESP"]
[SourceTitle "EXT 2009"]
[Source "ChessBase"]
[SourceDate "2008.11.26"]
[SourceVersion "1"]
[SourceVersionDate "2008.11.26"]
[SourceQuality "1"]

1. Nf3 Nf6 2. c4 e6 3. g3 d5 4. Bg2 c6 5. 0-0 Be7 6. b3 0-0 7. Bb2 Nbd7 8. d3 Re8 9. Qc2 Bd6 10. Nbd2 e5 11. cxd5 cxd5 12. e4 d4 13. Rac1 Nb6 14. Nc4 Nxc4 15. bxc4 Bd7 16. Rb1 h6 17. Qb3 Qc8 18. Ba3 Bxa3 19. Qxa3 Nh7 20. Qa5 b6 21. Qd2 Qc7 22. Rfc1 Bg4 23. c5 bxc5 24. Rb5 Rac8 25. Qa5 Re7 26. Rcxc5 Qxa5 27. Rxc8+ Bxc8 28. Rxa5 f6 29. Nd2 Nf8 30. Bf3 Bh3 31. Bd1 Rc7 32. Bb3+ Kh7 33. Bc4 Ne6 34. f3 Nd8 35. Kf2 Rb7 36. Rb5 Rxb5 37. Bxb5 Be6 38. a3 Kg8 39. f4 Kf8 40. fxe5 fxe5 41. Nc4 Bxc4 42. Bxc4 Ke7 43. Bd5 Kd6 44. Ke2 Kd7 45. Kd2 Ne6 46. Bxe6+ Kxe6 47. h4 g5 48. Ke2 Kf6 49. Kf3 Kg6 50. Kg4 h5+ 1/2-1/2

[Event "Barcelona Sant Marti op 10th"]
[Site "Barcelona"]
[Date "2008.09.07"]
[Round "6"]
[White "Munoz Pantoja, Miguel Angel"]
[Black "Tarrago Domingo, Miguel"]
[Result "1-0"]
[WhiteElo "2499"]
[BlackElo "2050"]
[PlyCount "71"]
[EventDate "2008.09.01"]
[EventType "swiss"]
[EventRounds "9"]
[EventCountry "ESP"]
[SourceTitle "EXT 2009"]
[Source "ChessBase"]
[SourceDate "2008.11.26"]
[SourceVersion "1"]
[SourceVersionDate "2008.11.26"]
[SourceQuality "1"]

1. e4 c6 2. Nc3 d5 3. Nf3 dxe4 4. Nxe4 Nf6 5. Nxf6+ exf6 6. d4 Bd6 7. g3 Be6 8. Bg2 Nd7 9. 0-0 0-0 10. b3 Re8 11. c4 Nf8 12. Be3 Qd7 13. Qd2 a6 14. Rfe1 Bh3 15. Rad1 Bxg2 16. Kxg2 Rad8 17. d5 cxd5 18. Qxd5 Bb4 19. Qxd7 Nxd7 20. Rf1 Ne5 21. Nd4 Ng4 22. Nc2 Nxe3+ 23. Nxe3 Bc5 24. Nd5 a5 25. Rd2 Kf8 26. Rfd1 f5 27. Nc7 Rxd2 28. Rxd2 Re4 29. Rd5 b6 30. Rxf5 Re7 31. Na6 Ba3 32. Rb5 Re6 33. Kf1 Ke7 34. Nc7 Rh6 35. Nd5+ Kd8 36. Nxb6 1-0

[Event "Barcelona Sant Marti op 10th"]
[Site "Barcelona"]
[Date "2008.09.04"]
[Round "4"]
[White "Riera Danes, Manel"]
[Black "Tarrago Domingo, Miguel"]
[Result "0-1"]
[WhiteElo "2089"]
[BlackElo "2050"]
[PlyCount "82"]
[EventDate "2008.09.01"]
[EventType "swiss"]
[EventRounds "9"]
[EventCountry "ESP"]
[SourceTitle "EXT 2009"]
[Source "ChessBase"]
[SourceDate "2008.11.26"]
[SourceVersion "1"]
[SourceVersionDate "2008.11.26"]
[SourceQuality "1"]

1. e4 c6 2. d4 d5 3. e5 c5 4. c3 cxd4 5. cxd4 Nc6 6. Nf3 e6 7. Nc3 Bb4 8. Bd3 Nge7 9. 0-0 Bxc3 10. bxc3 Bd7 11. Bd2 Rc8 12. Rb1 b6 13. Qe2 Na5 14. Rfc1 Nc4 15. Bg5 h6 16. Bxe7 Qxe7 17. Bxc4 Rxc4 18. Nd2 Ra4 19. Rb2 Qg5 20. Qf1 0-0 21. f4 Qe7 22. c4 Qa3 23. Rbc2 Qe3+ 24. Qf2 Qxf2+ 25. Kxf2 Bc6 26. Rb1 dxc4 27. Rxc4 Rxa2 28. Rxc6 Rxd2+ 29. Ke3 Rxg2 30. Ra1 Rxh2 31. Rxa7 Rh3+ 32. Ke2 Rh4 33. Kf3 g5 34. fxg5 hxg5 35. Rxb6 Rxd4 36. Rb5 Kg7 37. Rab7 Kg6 38. Rb8 Rxb8 39. Rxb8 Kf5 40. Rb5 Rd3+ 41. Kg2 Rd5 0-1

[Event "Catalunya-chT DH"]
[Site "Spain"]
[Date "2004.??.??"]
[Round "8"]
[White "Tarrago Domingo, Miguel"]
[Black "Vall de Vilaramo, Jordi"]
[Result "1/2-1/2"]
[WhiteElo "2103"]
[BlackElo "2175"]
[PlyCount "30"]
[EventDate "2004.??.??"]
[EventType "team"]
[EventRounds "9"]
[EventCountry "ESP"]
[SourceTitle "EXT 2007"]
[Source "ChessBase"]
[SourceDate "2006.11.23"]
[SourceVersion "1"]
[SourceVersionDate "2006.11.23"]
[SourceQuality "1"]

1. d4 Nf6 2. c4 g6 3. Nf3 Bg7 4. g3 d5 5. Bg2 0-0 6. 0-0 dxc4 7. Na3 Nc6 8. Nxc4 Be6 9. b3 Bd5 10. Bb2 a5 11. a4 Qb8 12. Rc1 Rd8 13. Nfe5 Bxg2 14. Kxg2 Nxe5 15. Nxe5 Nd7 1/2-1/2

[Event "Catalunya-ch"]
[Site "Barcelona"]
[Date "2002.03.29"]
[Round "6.17"]
[White "Centeno Ortiz, Antonio"]
[Black "Tarrago Domingo, Miguel"]
[Result "1/2-1/2"]
[WhiteElo "2048"]
[BlackElo "2117"]
[PlyCount "60"]
[EventDate "2002.03.24"]
[EventType "swiss"]
[EventRounds "9"]
[EventCountry "ESP"]
[SourceTitle "EXT 2003"]
[Source "ChessBase"]
[SourceDate "2002.11.25"]
[SourceVersion "1"]
[SourceVersionDate "2002.11.25"]
[SourceQuality "1"]

1. e4 e5 2. f4 d5 3. exd5 c6 4. Nc3 exf4 5. Nf3 Nf6 6. d4 Nxd5 7. Nxd5 Qxd5 8. Bxf4 Qe4+ 9. Qe2 Bf5 10. Qxe4+ Bxe4 11. 0-0-0 Bxf3 12. gxf3 Be7 13. Re1 Kf8 14. Bd3 Nd7 15. Re2 g5 16. Bd2 h5 17. Rg1 Nb6 18. Bxg5 Bxg5+ 19. Rxg5 Re8 20. Rge5 Rxe5 21. Rxe5 f6 22. Ra5 Nc8 23. Rf5 Ke7 24. Kd2 Nd6 25. Rf4 b6 26. Rh4 f5 27. Ke3 Kf6 28. Kf4 Rh7 29. c4 c5 30. d5 Rh8 1/2-1/2